| 000 | 00380 a2200145 4500 | ||
|---|---|---|---|
| 001 | 169605 | ||
| 020 | _a | ||
| 040 | _cMagnum | ||
| 100 | _aMilhollan, Frank | ||
| 240 | 1 | 0 |
_aSkinner x rogers: maneiras contrastantes de encarar a educacao _lpor |
| 245 | 1 | 0 | _aSkinner x rogers: maneiras contrastantes de encarar a educacao |
| 362 | 0 | _a1899 | |
| 697 | _aPSICOLOGIA | ||
| 942 | _cBK | ||
| 999 |
_c169605 _d169605 |
||